000 00393nam a2200145Ia 4500
008 210210b1976 xxu||||| |||| 00| 0 eng d
082 _a032.02 GUIN
100 _aGUINNESS BOOK OF WORLD RECORDS 1976.
245 _aGuinnes book of world records 1976.
260 _aUSA.
_bBantam books
_c1976
300 _a704
650 _aGuinness Records
690 _aGeneral Knowledge
906 _a032325
999 _c83395
_d83395